[Event "SC Buer-Hassel 1 - Sport Union Annen 1"]
[Site "Verbandsliga - Gruppe 1 2021/"]
[Date "2021.10.24"]
[Round "1.4"]
[White "Althoff, Christoph"]
[Black "Herrmann, Uwe"]
[Result "1/2-1/2"]
[WhiteElo "1901"]
[BlackElo "1855"]
[PlyCount "85"]
[EventDate "2021.??.??"]
[WhiteTeam "SC Buer-Hassel 1"]
[BlackTeam "Sport Union Annen 1"]

1. e4 e6 2. Nc3 d5 3. Nf3 Nf6 4. e5 Nfd7 5. d4 c5 6. dxc5 Nc6 7. Bf4 Nxc5 8.
Bd3 Nxd3+ 9. Qxd3 Qa5 10. O-O a6 11. a3 Be7 12. Ne2 Bd7 13. Rfe1 Rc8 14. Ned4
Qb6 15. b4 Nxd4 16. Nxd4 Rc4 17. c3 Qc7 18. Bd2 h6 19. Qg3 g6 20. Re3 Qd8 21.
f4 Bh4 22. Qf3 h5 23. Rd3 Rc7 24. Qd1 Bb5 25. Nxb5 axb5 26. Be3 Rc4 27. a4 bxa4
28. Qxa4+ Kf8 29. Qb5 Qc8 30. Bd4 Kg7 31. g3 Be7 32. Rdd1 Re8 33. Ra7 Rc7 34.
Rda1 Qd7 35. Qa5 Rec8 36. Kg2 Qc6 37. Qa2 Qb5 38. Qf2 Qd3 39. R7a4 Qe4+ 40. Qf3
Qxf3+ 41. Kxf3 Kf8 42. Ke3 Ke8 43. Kd3 1/2-1/2

[Event "SC Buer-Hassel 1 - Sport Union Annen 1"]
[Site "Verbandsliga - Gruppe 1 2021/"]
[Date "2021.10.24"]
[Round "1.5"]
[White "Daemmrich, Lars"]
[Black "Gritzan, Ulrich"]
[Result "1-0"]
[WhiteElo "1934"]
[BlackElo "1851"]
[PlyCount "79"]
[EventDate "2021.??.??"]
[WhiteTeam "Sport Union Annen 1"]
[BlackTeam "SC Buer-Hassel 1"]

1. e4 c5 2. Nf3 d6 3. d4 Nf6 4. Nc3 cxd4 5. Nxd4 Nc6 6. Be2 e6 7. Be3 a6 8. Qd2
Qc7 9. O-O Be7 10. a4 b6 11. f3 O-O 12. Rfd1 Rd8 13. Qe1 Ne5 14. Nb3 Bb7 15. a5
Ned7 16. axb6 Nxb6 17. Na5 d5 18. Qf2 Nfd7 19. Nxb7 Qxb7 20. exd5 Nxd5 21. Nxd5
exd5 22. b3 Qc6 23. Bf1 a5 24. Kh1 Bb4 25. Bd4 Nf8 26. Bd3 Ne6 27. Bb2 Bc3 28.
Bxc3 Qxc3 29. Ra2 Nc5 30. Bf1 a4 31. Rda1 Qb4 32. bxa4 Rxa4 33. Rxa4 Nxa4 34.
Qa7 Nc5 35. Qe7 Qb6 36. Rb1 Qa5 37. Rb5 Qa8 38. Qxc5 g6 39. Qd4 Qc6 40. c4 1-0

[Event "SC Buer-Hassel 1 - Sport Union Annen 1"]
[Site "Verbandsliga - Gruppe 1 2021/"]
[Date "2021.10.24"]
[Round "1.6"]
[White "Strohmann, Andreas"]
[Black "Hartung, Thomas"]
[Result "1-0"]
[WhiteElo "1831"]
[BlackElo "1858"]
[PlyCount "59"]
[EventDate "2021.??.??"]
[WhiteTeam "SC Buer-Hassel 1"]
[BlackTeam "Sport Union Annen 1"]

1. e4 e5 2. Nf3 Nc6 3. Bb5 a6 4. Ba4 Nf6 5. O-O Nxe4 6. Re1 Nc5 7. Bxc6 dxc6 8.
Nxe5 Be7 9. d4 Ne6 10. Be3 O-O 11. c4 c5 12. d5 Nd4 13. Bxd4 cxd4 14. Qxd4 c5
15. Qc3 Bd6 16. Nd2 Qc7 17. Re2 Bf5 18. Rae1 f6 19. Nef3 g5 20. Ne4 Bxe4 21.
Rxe4 Qf7 22. h4 h5 23. Re6 Rac8 24. hxg5 fxg5 25. Qe3 Bf4 26. Qe4 Qf5 27. Qxf5
Rxf5 28. Ne5 Bd2 29. Re2 Bc1 30. Nd3 1-0

[Event "SC Buer-Hassel 1 - Sport Union Annen 1"]
[Site "Verbandsliga - Gruppe 1 2021/"]
[Date "2021.10.24"]
[Round "1.7"]
[White "Jeschke, Holger"]
[Black "Braeutigam, Martin"]
[Result "1-0"]
[WhiteElo "1895"]
[BlackElo "1595"]
[PlyCount "49"]
[EventDate "2021.??.??"]
[WhiteTeam "Sport Union Annen 1"]
[BlackTeam "SC Buer-Hassel 1"]

1. b4 c6 2. Bb2 a5 3. bxa5 Qxa5 4. c4 d6 5. Qc2 e5 6. e3 Nf6 7. Nf3 Be7 8. Be2
O-O 9. Nc3 Be6 10. O-O Nbd7 11. Ng5 h6 12. Nxe6 fxe6 13. Qg6 d5 14. f4 exf4 15.
Rxf4 Ne5 16. Qc2 Bd6 17. Rh4 Nxc4 18. Bxc4 dxc4 19. Ne4 Nxe4 20. Qxe4 Qf5 21.
Qxc4 Qf2+ 22. Kh1 Qf5 23. Rg1 Kh7 24. Qd4 Rf7 25. Qxd6 1-0

[Event "SC Buer-Hassel 1 - Sport Union Annen 1"]
[Site "Verbandsliga - Gruppe 1 2021/"]
[Date "2021.10.24"]
[Round "1.8"]
[White "Koziolek, Zbigniew"]
[Black "Lauer, Boris"]
[Result "1/2-1/2"]
[WhiteElo "1944"]
[BlackElo "1820"]
[PlyCount "76"]
[EventDate "2021.??.??"]
[WhiteTeam "SC Buer-Hassel 1"]
[BlackTeam "Sport Union Annen 1"]

1. e4 e6 2. d3 d5 3. Nd2 dxe4 4. dxe4 c5 5. Ngf3 Nc6 6. c3 Qc7 7. Be2 Nf6 8.
Qc2 Be7 9. O-O O-O 10. a4 a5 11. Nc4 b6 12. Bg5 Ba6 13. Bh4 Bxc4 14. Bxc4 Ne5
15. Nxe5 Qxe5 16. f4 Qc7 17. Rae1 Rad8 18. Bxf6 Bxf6 19. e5 Be7 20. f5 exf5 21.
Qxf5 g6 22. Bxf7+ Kg7 23. Qf2 Bg5 24. e6 Be7 25. Qe2 Rd5 26. Qe4 Rd2 27. h4 Qg3
28. Re3 Rxg2+ 29. Qxg2 Qxe3+ 30. Kh1 Rd8 31. Qf3 Qxf3+ 32. Rxf3 Bxh4 33. Re3
Be7 34. b3 h5 35. Rg3 g5 36. Bxh5 Rh8 37. Rh3 Kf6 38. Bg4 Rxh3+ 1/2-1/2

[Event "SV Waltrop 1 - SV Erkenschwick 2"]
[Site "Verbandsliga - Gruppe 1 2021/"]
[Date "2021.10.24"]
[Round "1.1"]
[White "Spriestersbach, Kai"]
[Black "Eckert, Marius"]
[Result "1/2-1/2"]
[WhiteElo "1941"]
[BlackElo "2125"]
[PlyCount "60"]
[EventDate "2021.??.??"]
[WhiteTeam "SV Erkenschwick 2"]
[BlackTeam "SV Waltrop 1"]

1. e4 c5 2. Nf3 e6 3. d4 cxd4 4. Nxd4 Nc6 5. Nc3 Qc7 6. Be3 a6 7. a3 b5 8. Nxc6
Qxc6 9. Be2 Bc5 10. Qd3 Bxe3 11. Qxe3 Ne7 12. Qg5 Ng6 13. h4 O-O 14. O-O-O Qb6
15. h5 h6 16. Qg3 Ne7 17. Qd6 Nc6 18. f4 Rb8 19. Rh3 b4 20. axb4 Qxb4 21. Qxb4
Nxb4 22. Rd6 f6 23. Bc4 Kf7 24. Rh1 Ke7 25. Rd2 d6 26. Rhd1 Rb6 27. g4 Bd7 28.
f5 e5 29. Nd5+ Nxd5 30. Bxd5 Bc6 1/2-1/2

[Event "SV Waltrop 1 - SV Erkenschwick 2"]
[Site "Verbandsliga - Gruppe 1 2021/"]
[Date "2021.10.24"]
[Round "1.2"]
[White "Gasper, Joern"]
[Black "Henn, Marcus"]
[Result "1-0"]
[WhiteElo "2084"]
[BlackElo "1999"]
[PlyCount "87"]
[EventDate "2021.??.??"]
[WhiteTeam "SV Waltrop 1"]
[BlackTeam "SV Erkenschwick 2"]

1. e4 e5 2. Nf3 Nc6 3. Bc4 Nf6 4. d3 Be7 5. O-O O-O 6. Bb3 d6 7. c3 Na5 8. Bc2
c5 9. Nbd2 Nc6 10. Re1 Re8 11. Nf1 h6 12. Ng3 Bf8 13. h3 d5 14. exd5 Qxd5 15.
Ne4 Nxe4 16. dxe4 Qxd1 17. Rxd1 Be6 18. Ba4 Red8 19. Be3 f6 20. Bb3 c4 21. Ba4
Rdc8 22. Nh4 a6 23. Bb6 Kf7 24. Nf5 g6 25. Nd6+ Bxd6 26. Rxd6 g5 27. Bd1 Nd8
28. Bh5+ Ke7 29. Rad1 Nf7 30. R6d2 Rc6 31. Ba5 b5 32. Bb4+ Ke8 33. Rd6 Rac8 34.
g4 a5 35. Ba3 b4 36. cxb4 axb4 37. Bxb4 c3 38. bxc3 Bxa2 39. Rd7 R6c7 40. Rxc7
Rxc7 41. Rd6 Bb1 42. f3 Ba2 43. Rxf6 Kd8 44. Ba5 1-0

[Event "SV Waltrop 1 - SV Erkenschwick 2"]
[Site "Verbandsliga - Gruppe 1 2021/"]
[Date "2021.10.24"]
[Round "1.3"]
[White "Trzaska, Peter"]
[Black "Atali, Dogukan"]
[Result "1-0"]
[WhiteElo "2052"]
[BlackElo "1921"]
[PlyCount "143"]
[EventDate "2021.??.??"]
[WhiteTeam "SV Erkenschwick 2"]
[BlackTeam "SV Waltrop 1"]

1. e4 e6 2. d3 d5 3. Nd2 Nf6 4. e5 Nfd7 5. d4 c5 6. c3 Nc6 7. Ngf3 Qb6 8. Nb3
cxd4 9. cxd4 Bb4+ 10. Bd2 O-O 11. Bd3 Bxd2+ 12. Qxd2 Qb4 13. O-O Qxd2 14. Nbxd2
Nb4 15. Bb1 b6 16. a3 Nc6 17. Bd3 Bb7 18. Rac1 Rfc8 19. Rc3 Nd8 20. Rfc1 Rxc3
21. Rxc3 Rc8 22. Rxc8 Bxc8 23. Kf1 Nb8 24. Ke2 Ba6 25. b4 Bxd3+ 26. Kxd3 Kf8
27. Nb3 Ke7 28. Nfd2 Kd7 29. f4 Ndc6 30. b5 Ne7 31. Nf3 h6 32. a4 a5 33. Nbd2
h5 34. Nf1 Ke8 35. Ne3 g6 36. Ng5 Nd7 37. Nh7 Ng8 38. h3 Nf8 39. Ng5 Nh6 40. g4
hxg4 41. hxg4 Ke7 42. Ke2 Nd7 43. Nh7 Nf8 44. Nf6 Nd7 45. Kf3 Nb8 46. Kg3 Kf8
47. f5 gxf5 48. gxf5 Ng8 49. Nh7+ Kg7 50. Ng5 exf5 51. Nxd5 Nd7 52. Nf3 f4+ 53.
Kxf4 f6 54. Nd2 fxe5+ 55. dxe5 Kf7 56. Nc4 Ke6 57. Ndxb6 Nc5 58. Nxa5 Ne7 59.
Nc6 Ng6+ 60. Ke3 Nxe5 61. Nxe5 Kxe5 62. a5 Ne6 63. Kd3 Kd6 64. Kc4 Kc7 65. Nd5+
Kb7 66. Ne7 Nc7 67. Nd5 Ne6 68. Nb4 Nd8 69. Nd3 Nf7 70. Kd5 Ka7 71. Ne5 Nd8 72.
Nc6+ 1-0

[Event "SV Waltrop 1 - SV Erkenschwick 2"]
[Site "Verbandsliga - Gruppe 1 2021/"]
[Date "2021.10.24"]
[Round "1.4"]
[White "Winterberg, Andreas"]
[Black "Jungbluth, Rolf"]
[Result "1/2-1/2"]
[WhiteElo "1978"]
[BlackElo "1977"]
[PlyCount "54"]
[EventDate "2021.??.??"]
[WhiteTeam "SV Waltrop 1"]
[BlackTeam "SV Erkenschwick 2"]

1. e4 c5 2. Nf3 Nc6 3. Bb5 g6 4. Bxc6 dxc6 5. d3 Bg7 6. O-O Bg4 7. h3 Bxf3 8.
Qxf3 Qc7 9. Nc3 e5 10. Be3 b6 11. Qg3 Nf6 12. Qh4 h6 13. f4 Nd7 14. f5 Bf6 15.
Qf2 g5 16. a4 a5 17. Ne2 Qd6 18. Rfd1 Qe7 19. c3 O-O 20. Ng3 Bg7 21. Nh5 f6 22.
h4 Rf7 23. g4 Bf8 24. hxg5 fxg5 25. Qc2 Rb8 26. Kg2 Nf6 27. Nxf6+ Rxf6 1/2-1/2

[Event "SV Waltrop 1 - SV Erkenschwick 2"]
[Site "Verbandsliga - Gruppe 1 2021/"]
[Date "2021.10.24"]
[Round "1.5"]
[White "Schulze Bisping, Franz-Adolf"]
[Black "Drewes, Martin"]
[Result "1/2-1/2"]
[WhiteElo "1938"]
[BlackElo "1954"]
[PlyCount "55"]
[EventDate "2021.??.??"]
[WhiteTeam "SV Erkenschwick 2"]
[BlackTeam "SV Waltrop 1"]

1. d4 d5 2. c4 e6 3. Nc3 Nf6 4. Bg5 Nbd7 5. cxd5 exd5 6. Qc2 c6 7. e3 Qa5 8.
Bd3 Be7 9. Nf3 h6 10. Bh4 O-O 11. O-O Re8 12. Rab1 a6 13. Rfc1 Nf8 14. h3 Be6
15. Bxf6 Bxf6 16. b4 Qd8 17. a4 Be7 18. b5 cxb5 19. axb5 a5 20. Qb3 Bb4 21. Na4
Nd7 22. Rc2 Bd6 23. Rbc1 Qe7 24. Rc3 g6 25. R1c2 Rab8 26. Qb1 Bb4 27. Rc7 Bd6
28. R7c3 1/2-1/2

[Event "SV Waltrop 1 - SV Erkenschwick 2"]
[Site "Verbandsliga - Gruppe 1 2021/"]
[Date "2021.10.24"]
[Round "1.6"]
[White "Breidenbach, Rolf"]
[Black "Strohmann, Marcel"]
[Result "0-1"]
[WhiteElo "1937"]
[BlackElo "1893"]
[PlyCount "76"]
[EventDate "2021.??.??"]
[WhiteTeam "SV Waltrop 1"]
[BlackTeam "SV Erkenschwick 2"]

1. d4 Nf6 2. Bf4 g6 3. Nc3 Bg7 4. e4 d6 5. Qd2 O-O 6. O-O-O Nbd7 7. Bh6 c5 8.
d5 a6 9. h4 Ne5 10. f3 Nh5 11. Bxg7 Kxg7 12. Qf2 b5 13. g4 Nf6 14. g5 Nh5 15.
f4 Ng4 16. Qf3 f6 17. Nge2 b4 18. Nb1 fxg5 19. hxg5 Ne5 20. Qe3 Ng4 21. Qf3 Qa5
22. a3 Rb8 23. Bh3 Ne5 24. Qe3 Nc4 25. Qd3 bxa3 26. bxa3 Nb2 27. Qe3 Nxd1 28.
Rxd1 Bxh3 29. Qxh3 Nxf4 30. Nxf4 Rxf4 31. Rh1 Rh8 32. Qh6+ Kg8 33. Qh2 Rxe4 34.
Qf2 Re5 35. Qg3 c4 36. Rf1 Qxd5 37. Qc3 Qe6 38. Qb4 Kg7 0-1

[Event "SV Waltrop 1 - SV Erkenschwick 2"]
[Site "Verbandsliga - Gruppe 1 2021/"]
[Date "2021.10.24"]
[Round "1.7"]
[White "Al Marawi, Abdulhadi"]
[Black "Schmidt, Sebastian"]
[Result "1/2-1/2"]
[WhiteElo "1826"]
[BlackElo "1807"]
[PlyCount "101"]
[EventDate "2021.??.??"]
[WhiteTeam "SV Erkenschwick 2"]
[BlackTeam "SV Waltrop 1"]

1. e4 c5 2. Nf3 e6 3. d4 cxd4 4. Nxd4 Nc6 5. Nc3 Qc7 6. Ndb5 Qb8 7. Bg5 a6 8.
Nd4 Bb4 9. Nxc6 bxc6 10. Qd4 e5 11. Qd2 h6 12. Bh4 g5 13. Bg3 Nf6 14. f3 Ba5
15. O-O-O Bc7 16. Bc4 Qb4 17. Bb3 Rb8 18. h4 g4 19. f4 Nh5 20. Be1 exf4 21. Qe2
d6 22. Rf1 Qb7 23. Qd3 Be6 24. Ne2 d5 25. Bc3 O-O 26. exd5 cxd5 27. Bxd5 Qb6
28. Bxe6 Qxe6 29. Qd4 f6 30. Qd5 Qxd5 31. Rxd5 Rfe8 32. Kd1 Rxe2 33. Kxe2 Ng3+
34. Ke1 Re8+ 35. Kf2 Re2+ 36. Kg1 Bb6+ 37. Bd4 Bxd4+ 38. Rxd4 Nxf1 39. Kxf1
Rxc2 40. Rxf4 Rxb2 41. Rxg4+ Kf7 42. Ra4 Rb6 43. Kf2 Kg6 44. Kf3 f5 45. Kf4 Kf6
46. a3 Rc6 47. h5 Ke6 48. g3 Kf6 49. Rb4 a5 50. Rd4 Ke6 51. Ra4 1/2-1/2

[Event "SV Waltrop 1 - SV Erkenschwick 2"]
[Site "Verbandsliga - Gruppe 1 2021/"]
[Date "2021.10.24"]
[Round "1.8"]
[White "Sehrbrock, Christoph"]
[Black "Broksch, Dirk"]
[Result "1/2-1/2"]
[WhiteElo "1832"]
[BlackElo "1852"]
[PlyCount "112"]
[EventDate "2021.??.??"]
[WhiteTeam "SV Waltrop 1"]
[BlackTeam "SV Erkenschwick 2"]

1. e4 c5 2. Nf3 e6 3. d4 cxd4 4. Nxd4 a6 5. c4 d6 6. Nc3 Nf6 7. g3 Be7 8. Bg2
Qc7 9. b3 Nbd7 10. O-O O-O 11. Bb2 Nc5 12. Qe2 Rd8 13. Rac1 Bf8 14. Nc2 Rb8 15.
Ne3 b6 16. h3 Bb7 17. Ng4 Ne8 18. h4 Bc6 19. h5 h6 20. Qc2 Nd7 21. Ne3 Qb7 22.
g4 Nef6 23. f4 Nc5 24. e5 dxe5 25. Bxc6 Qxc6 26. fxe5 Nfe4 27. Nxe4 Qxe4 28.
Qxe4 Nxe4 29. Rf4 Ng5 30. Kf1 Bc5 31. Ke2 Rd7 32. Rff1 Rbd8 33. Rcd1 Rxd1 34.
Rxd1 Rxd1 35. Nxd1 Kf8 36. Nc3 Bd4 37. Na4 Bxb2 38. Nxb2 f5 39. exf6 gxf6 40.
Na4 b5 41. Nc5 bxc4 42. bxc4 a5 43. a4 Ke7 44. Nb7 Ne4 45. Kd3 Nf2+ 46. Kd4
Nxg4 47. Nxa5 e5+ 48. Kd5 Ne3+ 49. Ke4 Nc2 50. Nb7 Nd4 51. Kd5 Kd7 52. Nd6 Nc6
53. Nf7 Ne7+ 54. Ke4 Ke6 55. Nd8+ Kd6 56. Nf7+ Ke6 1/2-1/2

[Event "SV Günnigfeld 1 - SV Bochum-Linden 1"]
[Site "Verbandsliga - Gruppe 2 2021/"]
[Date "2021.10.24"]
[Round "1.1"]
[White "Boehm, Ingo"]
[Black "Freisen, Thomas"]
[Result "1-0"]
[WhiteElo "2066"]
[BlackElo "1966"]
[PlyCount "35"]
[EventDate "2021.??.??"]
[WhiteTeam "SV Bochum-Linden 1"]
[BlackTeam "SV Günnigfeld 1"]

1. e4 e5 2. Nf3 Nc6 3. Bb5 Nf6 4. O-O Nxe4 5. Re1 Nd6 6. Nxe5 Be7 7. Bf1 Nxe5
8. Rxe5 O-O 9. Nc3 Re8 10. Nd5 Bf8 11. d4 Rxe5 12. dxe5 Nf5 13. Qg4 d6 14. Bg5
f6 15. exf6 Ne3 16. Nxe3 Bxg4 17. f7+ Kxf7 18. Bxd8 1-0

[Event "SV Günnigfeld 1 - SV Bochum-Linden 1"]
[Site "Verbandsliga - Gruppe 2 2021/"]
[Date "2021.10.24"]
[Round "1.2"]
[White "Kuekenbrink, Christopher"]
[Black "Hochstein, Udo"]
[Result "1-0"]
[WhiteElo "1969"]
[BlackElo "1883"]
[PlyCount "105"]
[EventDate "2021.??.??"]
[WhiteTeam "SV Günnigfeld 1"]
[BlackTeam "SV Bochum-Linden 1"]

1. d4 Nf6 2. c4 g6 3. g3 Bg7 4. Bg2 O-O 5. Nc3 d6 6. Nf3 c6 7. O-O Qa5 8. h3
Qa6 9. b3 Nbd7 10. Bb2 Rb8 11. a4 c5 12. d5 Ne4 13. Qc2 Nxc3 14. Bxc3 Bxc3 15.
Qxc3 Qb6 16. e4 Qb4 17. Qe3 Re8 18. g4 a6 19. e5 dxe5 20. Nxe5 Nxe5 21. Qxe5
Bd7 22. Qc7 Red8 23. Rfe1 Rbc8 24. Qf4 Re8 25. Re3 Qb6 26. Rae1 Qd6 27. Qg5 f6
28. Qh6 Rc7 29. f4 f5 30. Qg5 Kf7 31. Qh4 fxg4 32. hxg4 Kf8 33. Qxh7 Bxg4 34.
Qh8+ Kf7 35. Qh7+ Kf8 36. Bh3 Bxh3 37. Qh8+ Kf7 38. Qh7+ Kf8 39. Qxh3 Kg7 40.
Qg4 Qf6 41. Re6 Qf5 42. Qh4 Qf7 43. R1e5 Rh8 44. Qg4 Rh6 45. Rg5 Kh7 46. f5 Qg7
47. fxg6+ Kg8 48. Qf4 Rc8 49. Qf7+ Kh8 50. Qxe7 Qd4+ 51. Kg2 Qf4 52. g7+ Kg8
53. Qe8+ 1-0

[Event "SV Günnigfeld 1 - SV Bochum-Linden 1"]
[Site "Verbandsliga - Gruppe 2 2021/"]
[Date "2021.10.24"]
[Round "1.3"]
[White "Schmidt, Ralph"]
[Black "Jaennekes, Oliver"]
[Result "1/2-1/2"]
[WhiteElo "1859"]
[BlackElo "1934"]
[PlyCount "39"]
[EventDate "2021.??.??"]
[WhiteTeam "SV Bochum-Linden 1"]
[BlackTeam "SV Günnigfeld 1"]

1. e4 c6 2. Nc3 d5 3. Qf3 dxe4 4. Nxe4 Nd7 5. d4 Ndf6 6. Bd3 Nxe4 7. Bxe4 Nf6
8. c3 Nxe4 9. Qxe4 Qd5 10. Qxd5 cxd5 11. Ne2 Bf5 12. O-O e6 13. Re1 Be7 14. Ng3
Bg6 15. Ne2 Bc2 16. Bf4 O-O 17. Rac1 Bg6 18. Bd2 Rfd8 19. Nf4 Bf5 20. f3
1/2-1/2

[Event "SV Günnigfeld 1 - SV Bochum-Linden 1"]
[Site "Verbandsliga - Gruppe 2 2021/"]
[Date "2021.10.24"]
[Round "1.4"]
[White "Markus, Peter"]
[Black "Pappert, Thomas"]
[Result "1-0"]
[WhiteElo "1845"]
[BlackElo "1831"]
[PlyCount "97"]
[EventDate "2021.??.??"]
[WhiteTeam "SV Günnigfeld 1"]
[BlackTeam "SV Bochum-Linden 1"]

1. e4 c5 2. Nf3 Nc6 3. d4 cxd4 4. Nxd4 e5 5. Nb5 d6 6. N1c3 a6 7. Na3 f5 8.
exf5 Bxf5 9. Bd3 Be6 10. Bc4 Qd7 11. Bxe6 Qxe6 12. Nd5 Rc8 13. O-O Nge7 14. c4
g6 15. b3 Bg7 16. Bb2 O-O 17. Nc2 Nf5 18. Qg4 Rf7 19. Rad1 Rcf8 20. Ba3 Rd8 21.
Rfe1 Qe8 22. Rd3 Qf8 23. Rf3 Rdd7 24. Bb2 Qd8 25. Rd3 Qa5 26. a3 Qd8 27. Rd2
Qf8 28. Rde2 Qc8 29. Nb6 Qc7 30. Nxd7 Qxd7 31. Qe4 Nh6 32. g3 Ng4 33. Rd1 Nf6
34. Qe3 Qh3 35. f3 Ne7 36. Rxd6 Ng4 37. Rd8+ Bf8 38. Qd3 Nc6 39. Re8 Nf6 40.
Rxf8+ Rxf8 41. Bxe5 Rd8 42. Bd6 Rd7 43. c5 Qh6 44. Qe3 Qh5 45. Nd4 Nd8 46. Ne6
Nf7 47. Nf4 Qf5 48. Qe6 Rxd6 49. cxd6 1-0

[Event "SV Günnigfeld 1 - SV Bochum-Linden 1"]
[Site "Verbandsliga - Gruppe 2 2021/"]
[Date "2021.10.24"]
[Round "1.5"]
[White "Knackstedt, Ulf"]
[Black "Radi, Guenter"]
[Result "0-1"]
[WhiteElo "1764"]
[BlackElo "1855"]
[PlyCount "94"]
[EventDate "2021.??.??"]
[WhiteTeam "SV Bochum-Linden 1"]
[BlackTeam "SV Günnigfeld 1"]

1. f4 d5 2. Nf3 g6 3. e3 Bg7 4. Nc3 Nf6 5. b3 O-O 6. d4 c5 7. Bd3 Nc6 8. O-O
cxd4 9. exd4 Bg4 10. Ne2 Ne4 11. Bb2 e6 12. Ne5 Bxe2 13. Qxe2 f5 14. Bxe4 fxe4
15. Qg4 Qe8 16. Rad1 Rc8 17. c3 Rf6 18. Qg5 Rc7 19. Ng4 Rf5 20. Qh4 Qf8 21. Ne3
Rf6 22. Rd2 Rcf7 23. Rdf2 Qd6 24. Bc1 Ne7 25. g4 Rf8 26. Nc2 Qc7 27. Qh3 R6f7
28. Bd2 Qd7 29. Bc1 Rc8 30. Bd2 Rc6 31. Ne3 Ra6 32. Bc1 Qc8 33. Rc2 Rc6 34. Rd2
Rxc3 35. Bb2 Rc7 36. Ba3 Nc6 37. Rfd1 Rxf4 38. Nc2 Rf3 39. Qh4 Rcf7 40. Nb4
Nxb4 41. Bxb4 Bf6 42. Qh6 Qd8 43. Rc2 Bg5 44. Rc8 Qxc8 45. Qxg5 Qb8 46. Rc1 Qf4
47. Rc8+ Kg7 0-1

[Event "SV Günnigfeld 1 - SV Bochum-Linden 1"]
[Site "Verbandsliga - Gruppe 2 2021/"]
[Date "2021.10.24"]
[Round "1.6"]
[White "Funke, Eckhard"]
[Black "Kandyba, Andriy"]
[Result "1-0"]
[WhiteElo "1891"]
[BlackElo "1958"]
[PlyCount "89"]
[EventDate "2021.??.??"]
[WhiteTeam "SV Günnigfeld 1"]
[BlackTeam "SV Bochum-Linden 1"]

1. d4 Nf6 2. c4 c5 3. d5 e6 4. Nc3 exd5 5. cxd5 d6 6. e4 a6 7. Bd3 b5 8. Nf3
Bg4 9. h3 Bxf3 10. Qxf3 Nbd7 11. O-O g6 12. Bg5 Bg7 13. e5 Nxe5 14. Rfe1 O-O
15. Rxe5 dxe5 16. Ne4 Nxe4 17. Bxd8 Raxd8 18. Bxe4 f5 19. Bc2 e4 20. Qa3 Rxd5
21. Rd1 Rxd1+ 22. Bxd1 Rd8 23. Be2 Rd2 24. Kf1 Rxb2 25. g3 Rb1+ 26. Kg2 Rb2 27.
Bd1 Bd4 28. h4 Kg7 29. Qxa6 Bxf2 30. Qb7+ Kh6 31. h5 Bd4+ 32. Kh3 Bg1 33. g4 f4
34. g5+ Kxg5 35. Qd5+ Kh6 36. Qxe4 Rh2+ 37. Kg4 Rxh5 38. Qxf4+ Kg7 39. Qc7+ Kh6
40. Kf3 Rf5+ 41. Ke4 b4 42. Bg4 Rg5 43. Qg3 Kg7 44. Qxg1 h5 45. Qa1+ 1-0

[Event "SV Günnigfeld 1 - SV Bochum-Linden 1"]
[Site "Verbandsliga - Gruppe 2 2021/"]
[Date "2021.10.24"]
[Round "1.7"]
[White "Boemelburg, Hans-Juergen"]
[Black "Bender, Markus"]
[Result "0-1"]
[WhiteElo "1738"]
[BlackElo "1820"]
[PlyCount "66"]
[EventDate "2021.??.??"]
[WhiteTeam "SV Bochum-Linden 1"]
[BlackTeam "SV Günnigfeld 1"]

1. e4 e5 2. Nf3 Nc6 3. Bb5 Nge7 4. d4 exd4 5. Nxd4 a6 6. Nxc6 Nxc6 7. Bxc6 bxc6
8. O-O Be7 9. c4 O-O 10. Qc2 Bf6 11. Nd2 Bb7 12. c5 d5 13. Rd1 Qe7 14. exd5
cxd5 15. c6 Bc8 16. Nf3 Be6 17. Be3 Rfd8 18. Bd4 Bg4 19. Re1 Qd6 20. Ne5 Qb4
21. Bc3 Qf4 22. Nxg4 Bxc3 23. Qxc3 Qxg4 24. Re7 Qf4 25. Qa5 Rac8 26. Qxa6 Qd6
27. Rd7 Rxd7 28. Qxc8+ Rd8 29. Qb7 d4 30. a4 d3 31. Rd1 d2 32. Kf1 Qd3+ 33. Kg1
Qc2 0-1

[Event "SV Günnigfeld 1 - SV Bochum-Linden 1"]
[Site "Verbandsliga - Gruppe 2 2021/"]
[Date "2021.10.24"]
[Round "1.8"]
[White "Bauer, Matthias"]
[Black "Schuetz, Paul"]
[Result "1-0"]
[WhiteElo "1656"]
[BlackElo "1584"]
[PlyCount "65"]
[EventDate "2021.??.??"]
[WhiteTeam "SV Günnigfeld 1"]
[BlackTeam "SV Bochum-Linden 1"]

1. c4 Nf6 2. Nc3 g6 3. d4 Bg7 4. Nf3 d5 5. e3 Bg4 6. cxd5 Nxd5 7. Be2 c6 8. Qb3
b6 9. O-O O-O 10. Nxd5 cxd5 11. h3 Bxf3 12. Bxf3 e6 13. Bd2 Nc6 14. Rac1 Rc8
15. Rc2 Qd7 16. Qd3 e5 17. Qb5 e4 18. Be2 Qe6 19. Rfc1 Ne7 20. Qa6 Rxc2 21.
Rxc2 Rc8 22. Rxc8+ Nxc8 23. Qb7 Bf8 24. Ba6 Nd6 25. Qxa7 Nc4 26. Bxc4 dxc4 27.
Bc3 Qc6 28. Qb8 b5 29. Bb4 h5 30. Qxf8+ Kh7 31. Qxf7+ Kh6 32. Bf8+ Kg5 33. Qf4#
1-0

[Event "Hammer SC 1 - SV Ahlen 1"]
[Site "Verbandsliga - Gruppe 2 2021/"]
[Date "2021.10.24"]
[Round "1.1"]
[White "Huckebrink, Chris"]
[Black "Voss, Hubertus"]
[Result "1/2-1/2"]
[WhiteElo "2063"]
[BlackElo "2073"]
[PlyCount "79"]
[EventDate "2021.??.??"]
[WhiteTeam "SV Ahlen 1"]
[BlackTeam "Hammer SC 1"]

1. e4 c6 2. Nc3 d5 3. d4 dxe4 4. Nxe4 Nf6 5. Nxf6+ exf6 6. Bc4 Qe7+ 7. Qe2 Be6
8. Bxe6 Qxe6 9. Be3 Bd6 10. Nf3 O-O 11. O-O Nd7 12. c4 f5 13. d5 cxd5 14. cxd5
Qe7 15. Qb5 Nf6 16. Bg5 Qd7 17. Qxd7 Nxd7 18. Nd4 f6 19. Nxf5 Bxh2+ 20. Kxh2
fxg5 21. Ne3 Nf6 22. Rac1 Rad8 23. Rc7 Rf7 24. Rfc1 Rxc7 25. Rxc7 Rd7 26. Rxd7
Nxd7 27. Nf5 b6 28. Kg3 Kf7 29. f4 Kf6 30. Nd4 gxf4+ 31. Kxf4 g5+ 32. Kg4 Kg6
33. Nc6 h5+ 34. Kf3 Kf5 35. Nxa7 Ke5 36. Nb5 Kxd5 37. Nc7+ Kd4 38. b4 Nf6 39.
a4 h4 40. a5 1/2-1/2

[Event "Hammer SC 1 - SV Ahlen 1"]
[Site "Verbandsliga - Gruppe 2 2021/"]
[Date "2021.10.24"]
[Round "1.2"]
[White "Schlaap, Ralf"]
[Black "Torres-Kuckel, Rafael"]
[Result "1/2-1/2"]
[WhiteElo "2062"]
[BlackElo "2065"]
[PlyCount "39"]
[EventDate "2021.??.??"]
[WhiteTeam "Hammer SC 1"]
[BlackTeam "SV Ahlen 1"]

1. c4 e6 2. e4 d5 3. exd5 exd5 4. cxd5 Nf6 5. Nc3 Nxd5 6. Bc4 Nb6 7. Bb3 Be7 8.
d4 O-O 9. Be3 Nc6 10. h3 Na5 11. Bc2 Nac4 12. Bc1 c5 13. d5 Bf6 14. Nge2 Re8
15. O-O Bd7 16. Rb1 Nd6 17. Be3 Rc8 18. Ng3 g6 19. Qf3 Bg7 20. Rfd1 1/2-1/2

[Event "Hammer SC 1 - SV Ahlen 1"]
[Site "Verbandsliga - Gruppe 2 2021/"]
[Date "2021.10.24"]
[Round "1.3"]
[White "Steinle, Carsten"]
[Black "Brieger, Sebastian"]
[Result "0-1"]
[WhiteElo "2072"]
[BlackElo "1785"]
[PlyCount "98"]
[EventDate "2021.??.??"]
[WhiteTeam "SV Ahlen 1"]
[BlackTeam "Hammer SC 1"]

1. Nf3 d5 2. e3 Nf6 3. c4 c6 4. b3 Bg4 5. Bb2 Nbd7 6. Be2 e6 7. O-O Bd6 8. d4
O-O 9. Ne5 Bxe2 10. Qxe2 Qc7 11. f4 Ne4 12. Nxd7 Qxd7 13. Nc3 Nxc3 14. Bxc3 f5
15. Qd2 Bc7 16. Bb4 Rf7 17. a4 Bd8 18. Qe2 Bf6 19. g3 Kh8 20. Kh1 Rg8 21. c5 g5
22. Bc3 g4 23. b4 h5 24. b5 h4 25. Be1 hxg3 26. Bxg3 Rh7 27. Rab1 Bh4 28. Rg1
Bxg3 29. Rxg3 Kg7 30. bxc6 bxc6 31. Qa6 Kf6 32. Kg1 Qc7 33. Rg2 Rb8 34. Rgb2
Rxb2 35. Rxb2 Kg6 36. Kg2 Kf6 37. Rb4 Kg6 38. Rb2 Kf6 39. Qd3 Qa5 40. Qb3 Qc7
41. Qb4 Rh3 42. Qb7 Qxb7 43. Rxb7 Rxe3 44. Rxa7 Rd3 45. Ra6 Rxd4 46. a5 Rxf4
47. Rxc6 Ra4 48. a6 Ra5 49. h4 f4 0-1

[Event "Hammer SC 1 - SV Ahlen 1"]
[Site "Verbandsliga - Gruppe 2 2021/"]
[Date "2021.10.24"]
[Round "1.4"]
[White "Rosentreter, Burkhard"]
[Black "Volesky, Alexander"]
[Result "0-1"]
[WhiteElo "1721"]
[BlackElo "2013"]
[PlyCount "94"]
[EventDate "2021.??.??"]
[WhiteTeam "Hammer SC 1"]
[BlackTeam "SV Ahlen 1"]

1. d4 Nf6 2. c4 c5 3. dxc5 Qa5+ 4. Bd2 Qxc5 5. e3 g6 6. Nf3 Bg7 7. Nc3 O-O 8.
Be2 b6 9. O-O Bb7 10. b3 d6 11. Rc1 Nbd7 12. Qc2 Rac8 13. e4 Qc7 14. Bd3 Nc5
15. Nd5 Qd7 16. Bc3 Ne8 17. Bxg7 Nxg7 18. Qe2 Nge6 19. Qe3 Nc7 20. Bb1 Nxd5 21.
exd5 e5 22. Qh6 f6 23. h4 Qg7 24. Qxg7+ Kxg7 25. Nd2 f5 26. f3 Rc7 27. g4 Kf6
28. f4 e4 29. g5+ Kf7 30. Kf2 h5 31. gxh6 Rh8 32. Rh1 Rxh6 33. Rh3 Nd7 34. Rcc3
Rc8 35. Rce3 Nf6 36. Re1 Rch8 37. Kg3 Nh5+ 38. Kf2 Nxf4 39. Rhh1 Rxh4 40. Rxh4
Rxh4 41. b4 Rh2+ 42. Kg3 Rxd2 43. Kxf4 Kf6 44. Rh1 Rb2 45. Rh7 Bxd5 46. cxd5
Rxb1 47. a3 Rb3 0-1